Central Library OPAC University of Rajshahi

কোরআন-শরিফ আম-পারা : (Record no. 57164)

MARC details
000 -LEADER
fixed length control field 00891nam a2200229 a 4500
001 - CONTROL NUMBER
control field 57164
003 - CONTROL NUMBER IDENTIFIER
rucl marc code BD-RjUL
005 - DATE AND TIME OF LATEST TRANSACTION
control field 20211209080456.0
008 - FIXED-LENGTH DATA ELEMENTS--GENERAL INFORMATION
fixed length control field 161206s1922 ii ||||| |||| 00| 0 ben d
035 ## - SYSTEM CONTROL NUMBER
System control number (BD-RjUL)57288
040 ## - CATALOGING SOURCE
Original cataloging agency BD-RjUL
Language of cataloging ben
Transcribing agency BD-RjUL
041 ## - LANGUAGE CODE
Language code of text/sound track or separate title ben
082 ## - DEWEY DECIMAL CLASSIFICATION NUMBER
Edition number 23
Classification number 297.122
Author mark and year QUR 1922
245 10 - TITLE STATEMENT
Title কোরআন-শরিফ আম-পারা :
Remainder of title বিস্তারিত টীকা, অনুবাদ ও ভাবার্থ সম্বলিত /
250 ## - EDITION STATEMENT
Edition statement ৪র্থ সং.
260 ## - PUBLICATION, DISTRIBUTION, ETC. (IMPRINT)
Place of publication, distribution, etc. কলিকাতা :
Name of publisher, distributor, etc. মোহাম্মদ বুক এজেন্সী,
Date of publication, distribution, etc. ১৯২২
300 ## - PHYSICAL DESCRIPTION
Pagination ১৯৬ পৃ. ;
Size ২৬ সেমি.
650 ## - SUBJECT ADDED ENTRY--TOPICAL TERM
Topical term or geographic name as entry element কোরআন
9 (RLIN) 169792
Topical term or geographic name as entry element Quran
9 (RLIN) 169793
700 ## - ADDED ENTRY--PERSONAL NAME
Personal name খাঁ, মোহাম্মদ আকরম, অনুবাদ
942 ## - ADDED ENTRY ELEMENTS (KOHA)
Source of classification or shelving scheme Dewey Decimal Classification
Koha item type Books
Holdings
Lost status Source of classification or shelving scheme Damaged status Not for loan Collection code Permanent Location Current Location Shelving location Date acquired Source of acquisition Cost, normal purchase price Total Checkouts Full call number Date last seen Copy number Koha item type
  Dewey Decimal Classification   Not For Loan Non-fiction Central Library, University of Rajshahi Central Library, University of Rajshahi Reading Room 11/08/1991 Professor Shawkat Osman 6.75   B 297.122 QUR 1922 06/12/2016 C-1 Books